000 00766nam a2200265Ia 4500
003 OSt
005 20220925215201.0
006 a|||||r|||| 00| 0
007 ta
008 220923b |||||||| |||| 00| 0 eng d
020 _ceuro 1295
037 _b601, 31/12/1987, SbD
_cGeneral Book
040 _aRTL
_cRTL
_beng
041 _2eng
_aeng
082 _aX:8C, M7
100 _aOtley David
_9282343
245 0 _aAccounting control and organizational behaviour
260 _aLondon
_bHeinemann
_c1987
300 _axiii,144p
_ccm.
500 _aBibliography: P 135-139
650 _a Economics
650 _aFinance and Accounts
_9241072
942 _hX:8C, M7
_cGB
_2CC
999 _c568137
_d568137